| 000 | 00764nam a2200253 u 4500 | ||
|---|---|---|---|
| 005 | 20240810063853.0 | ||
| 008 | 121017s2009 r 000 0 eng d | ||
| 020 | _a9789706889423 | ||
| 020 | _a9789707851719 | ||
| 035 | _aUPN01000187682 | ||
| 049 | _aI | ||
| 050 | 4 |
_aPQ7298.32 I4.6 _bC3.9 2009 |
|
| 100 | 1 |
_aVilloro, Juan, _d1956- _930716 |
|
| 245 | 1 | 0 |
_aCazadores de croquetas / _cJuan Villoro ; il. Valeria Gallo. |
| 250 | _a2a ed. | ||
| 260 |
_aMéxico : _bSM, _c2009. |
||
| 300 |
_a[30] p. : _bprincipalmente il. col. |
||
| 440 | 3 |
_aEl barco de vapor. _pLos piratas ; _v2. |
|
| 650 | 4 |
_aLiteratura infantil mexicana _910209 |
|
| 650 | 0 |
_aPerros en la literatura _918547 |
|
| 700 | 1 |
_aGallo, Valeria, _eil. |
|
| 905 | _aInfantil | ||
| 999 |
_c159785 _d159785 |
||